000 00440nam a2200181Ia 4500
003 GCL
008 140319s9999 xx 000 0 eng d
040 _aGCL /
_cGCL
082 0 4 _a821
_bS R
100 1 _aSCHMIDT, MICHAEL
245 1 0 _aREADING MODERN POETRY /
_cSCHMIDT, MICHAEL
260 _a[S.N] :
_bROUTLEDGE
300 _aLONDON
650 0 4 _aLITERATURE
650 0 4 _aHISTORY AND CRITICISM
650 0 4 _aPOETRY
942 _2ddc
_cBK
999 _c24197
_d24197